Proces komunikácie vo výučbe všeobecného a odborného ekonomického jazyka

Proces komunikácie a motivácie v cudzojazyčnej výučbe. Socio-lingvistická, multikultúrna, sociálna, strategická, kognitívna a jazyková kompetencia. Výučba nemeckého odborného ekonomického jazyka. Učebný materiál ako prostriedok realizácie didaktických cieľov, metód a postupov.

Salvato in:
Dettagli Bibliografici
Autore principale: Kanisová, Zdenka
Natura: Capitolo di libro
Lingua:slovacco
Soggetti:
Tags: Aggiungi Tag
Nessun Tag, puoi essere il primo ad aggiungerne!!

MARC

LEADER 00000nla a2200000 4500
001 0160081
005 20250815080558.5
041 0 |a slo 
044 |a CZ 
245 1 0 |a Proces komunikácie vo výučbe všeobecného a odborného ekonomického jazyka  |c Zdenka Kanisová 
520 |a Proces komunikácie a motivácie v cudzojazyčnej výučbe. Socio-lingvistická, multikultúrna, sociálna, strategická, kognitívna a jazyková kompetencia. Výučba nemeckého odborného ekonomického jazyka. Učebný materiál ako prostriedok realizácie didaktických cieľov, metód a postupov. 
610 2 0 |a jazyky cudzie 
610 2 0 |a jazyk odborný 
610 2 0 |a nemčina 
610 2 0 |a zásoba slovná 
610 2 0 |a gramatika 
610 2 0 |a štylistika 
610 2 0 |a štúdium vysokoškolské 
610 2 0 |a didaktika 
100 1 |a Kanisová, Zdenka